ELECTRONICS COMPONTS AND MATERIAL 3RD EDITION (Record no. 730963)

MARC details
000 -LEADER
fixed length control field 00271nam a2200097Ia 4500
008 - FIXED-LENGTH DATA ELEMENTS--GENERAL INFORMATION
fixed length control field 230508s2005 xx 000 0 und d
041 ## - LANGUAGE CODE
Language code of text/sound track or separate title eng
100 ## - MAIN ENTRY--PERSONAL NAME
Personal name JOSHI MADHURI
245 ## - TITLE STATEMENT
Title ELECTRONICS COMPONTS AND MATERIAL 3RD EDITION
260 ## - PUBLICATION, DISTRIBUTION, ETC.
Name of publisher, distributor, etc. SHROFF PUBLI.AND DIS
Date of publication, distribution, etc. 2005
Date of manufacture 2005

No items available.